00573nam a2200145Ia 4500008004100000082002000041100003400061245003300095260004400128630001800172650009300190942000900283952011800292999001700410211109s9999||||xx |||||||||||||| ||und|| a894.8123bCHI-T aChidambara Natha Chettiyar, A 0aTherenjedutha Tamil Kathakal bSahithya Pravarthaka...aKottayamc1964 xGeneral Stack aMalayalam Literaturevmalayalam FictionMalayalam NovelMalayalam Short StoriesxMalayalam cBOOK 00104070aSBCLbSBCLc2d2021-11-09g100.00l0o894.8123 CHI-Tp00027991r2021-11-09 00:00:00w2021-11-09yBOOK c27172d27172